Kpop Idols Born in 97 Quiz Stats

 Plays Quiz not verified by Sporcle

Challenge
Share
Tweet
Score 0/24 Timer 08:00
0 Plays Today
% Correct
Mingyu
93.7%
Jungkook
92.9%
Bambam
92.1%
DK
90.9%
Yugyeom
90.1%
The8
88.5%
Yuju
82.5%
Mina
82.1%
Eunwoo
82.1%
Jihyo
80.6%
Junhoe
79.4%
Winwin
77.4%
% Correct
Jimin
77%
Eunha
76.2%
Jaehyun
73.8%
Donghyuk
67.9%
Taeyang
57.9%
Jun
38.5%
Gyujin
36.5%
Sujeong
34.1%
Byungchan
31%
Hanse
27.4%
Jangjun
15.1%
Jungkook, Yugyeom, Mingyu, DK, The8, Bambam
14.7%

You're not logged in!

Compare scores with friends on all Sporcle quizzes.
OR
Log In

You Might Also Like...

Show Comments

Extras

Created Aug 28, 2017ReportNominate
Tags:Kpop Quiz, 1997, born, idol

Top Quizzes Today


Score Distribution

Your Account Isn't Verified!

In order to create a playlist on Sporcle, you need to verify the email address you used during registration. Go to your Sporcle Settings to finish the process.

Report this User

Report this user for behavior that violates our Community Guidelines.

Details: